000 00311nam a22001217a 4500
008 180514b xxu||||| |||| 00| 0 eng d
041 _aeng
080 _a043.3
100 _a0
101 _aMBE-BA
245 _aMetodat e Trendit dhe Aplikimi i tyre ne Bilancin Tregtar te Kosoves
_cMaliqi, G
942 _2udc
_cBK
999 _c45752
_d45752